| 000 | 00797nam a22002057a 4500 | ||
|---|---|---|---|
| 003 | MN-UlNLM | ||
| 005 | 20241015105957.0 | ||
| 008 | 240920s2020 mp ||||| |||| 00| 0 mon d | ||
| 020 | _a9789919235055 | ||
| 040 | _bmon | ||
| 084 |
_2NNA _a84(545)-44 _bМ 235 _q84 |
||
| 100 | 1 | _aМанханхүү С. | |
| 245 | 1 |
_aНаран доорхи нандин хайр _bНайруулал, тэмдэглэл, нийтлэл, дурсамж _cХөрв. Х.Зандраабаадий _cХян. Ч.Пүрэвдорж |
|
| 260 | 1 |
_aУБ _bЖиком пресс _c2020 |
|
| 300 | _a164х | ||
| 505 |
_tХайрлаж явахад амь амьдрал сайхан -- _tХалуун элгэн газар нутгийн айзам -- |
||
| 546 | _amon | ||
| 650 | _aУран зохиол | ||
| 942 | _cBK | ||
| 999 |
_c1145191 _d1145248 |
||